El hombre anónimo del humanismo a la transhumanidad / (Registro nro. 50435)
[ vista simple ]
| 000 -CABECERA | |
|---|---|
| campo de control de longitud fija | 00804nam a22002297a 4500 |
| 003 - IDENTIFICADOR DEL NÚMERO DE CONTROL | |
| campo de control | DO-SdBNP |
| 005 - FECHA Y HORA DE LA ÚLTIMA TRANSACCIÓN | |
| campo de control | 20240301073829.0 |
| 007 - CAMPO FIJO DE DESCRIPCIÓN FÍSICA--INFORMACIÓN GENERAL | |
| campo de control de longitud fija | ta |
| 008 - DATOS DE LONGITUD FIJA--INFORMACIÓN GENERAL | |
| campo de control de longitud fija | 210907b2018 dr ||||| |||| 00| 0 spa d |
| 020 ## - NÚMERO INTERNACIONAL ESTÁNDAR DEL LIBRO | |
| Número Internacional Estándar del Libro | 9789945609424 |
| 040 ## - FUENTE DE LA CATALOGACIÓN | |
| Centro catalogador/agencia de origen | DO-SdBNP |
| Lengua de catalogación | spa |
| Centro/agencia transcriptor | BNPHU |
| 100 1# - ENTRADA PRINCIPAL--NOMBRE DE PERSONA | |
| Nombre de persona | Kieffer, Gilbert |
| 9 (RLIN) | 79778 |
| 245 10 - MENCIÓN DE TÍTULO | |
| Título | El hombre anónimo del humanismo a la transhumanidad / |
| Mención de responsabilidad, etc. | Gilbert Kieffer ; prólogo1 Dr. Tony Raful ; prólogo 2 Dr. Jottin Cury. |
| 260 ## - PUBLICACIÓN, DISTRIBUCIÓN, ETC. | |
| Lugar de publicación, distribución, etc. | Santo Domingo : |
| Nombre del editor, distribuidor, etc. | Santuario, |
| Fecha de publicación, distribución, etc. | 2018. |
| 300 ## - DESCRIPCIÓN FÍSICA | |
| Extensión | 172 p. ; |
| Dimensiones | 23 cm. |
| 500 ## - NOTA GENERAL | |
| Nota general | Incluye notas al pie de las páginas. |
| 500 ## - NOTA GENERAL | |
| Nota general | Incluye datos biográficos del autor en las solapas. |
| 590 ## - NOTA LOCAL (RLIN) | |
| Nota local | Inventariado, 2021 /LP<br/><br/> |
| 700 1# - PUNTO DE ACCESO ADICIONAL--NOMBRE DE PERSONA | |
| Nombre de persona | Raful, Tony, |
| Fechas asociadas al nombre | 1951- |
| Término indicativo de función/relación | prólogo |
| 9 (RLIN) | 1377 |
| 700 1# - PUNTO DE ACCESO ADICIONAL--NOMBRE DE PERSONA | |
| Nombre de persona | Cury, Jottin, |
| Término indicativo de función/relación | prólogo |
| 9 (RLIN) | 10227 |
| 942 ## - ELEMENTOS DE PUNTO DE ACCESO ADICIONAL (KOHA) | |
| Fuente del sistema de clasificación o colocación | Dewey Decimal Classification |
| Tipo de ítem Koha | Libro |
| Estado de retiro | Estado de pérdida | Fuente del sistema de clasificación o colocación | Restricciones de uso | No para préstamo | Código de colección | Localización permanente | Ubicación/localización actual | Ubicación en estantería | Fecha de adquisición | Fuente de adquisición | Total de préstamos | Código de barras | Fecha visto por última vez | Precio válido a partir de | Tipo de ítem Koha | Número de copia |
|---|---|---|---|---|---|---|---|---|---|---|---|---|---|---|---|---|
| Dewey Decimal Classification | Excluido de préstamo | Patrimonio Dominicano | Biblioteca Nacional Pedro Henríquez Ureña | Dominicana | Depósito | 07.09.2021 | Editora Búho | 2021-26176 | 07.09.2021 | 07.09.2021 | Libro y Folleto Colección Patrimonio Dominicano | |||||
| Dewey Decimal Classification | Préstamo en sala | Dominicana de Servicio | Biblioteca Nacional Pedro Henríquez Ureña | Dominicana | Depósito | 07.09.2021 | Editora Búho | 2021-26179 | 07.09.2021 | 07.09.2021 | Libro y Folleto Colección Dominicana de Servicio | e.3 | ||||
| Dewey Decimal Classification | Excluido de préstamo | Patrimonio Dominicano | Biblioteca Nacional Pedro Henríquez Ureña | Patrimonio Dominicano | Depósito | 07.09.2021 | Editora Búho | 2021-26177 | 07.09.2021 | 07.09.2021 | Libro y Folleto Colección Patrimonio Dominicano | e.2 |
